Study of qualitative blood flow parameters in the spiral artery and serum Ý-subunit HCG and progesterone concentration in cases of first trimester threatened abortion / (رقم التسجيلة. 44042)

تفاصيل مارك
000 -LEADER
fixed length control field 01940cam a2200349 a 4500
003 - CONTROL NUMBER IDENTIFIER
control field EG-GiCUC
005 - DATE AND TIME OF LATEST TRANSACTION
control field 20250223030903.0
008 - FIXED-LENGTH DATA ELEMENTS--GENERAL INFORMATION
fixed length control field 131112s2013 ua dh f m 000 0 eng d
040 ## - CATALOGING SOURCE
Original cataloging agency EG-GiCUC
Language of cataloging eng
Transcribing agency EG-GiCUC
041 0# - LANGUAGE CODE
Language code of text/sound track or separate title eng
049 ## - LOCAL HOLDINGS (OCLC)
Holding library Deposite
097 ## - Thesis Degree
Thesis Level Ph.D
099 ## - LOCAL FREE-TEXT CALL NUMBER (OCLC)
Classification number Cai01.11.15.Ph.D.2013.Mo.S
100 0# - MAIN ENTRY--PERSONAL NAME
Personal name Mohammed Mohammed Sayed Ahmed
245 10 - TITLE STATEMENT
Title Study of qualitative blood flow parameters in the spiral artery and serum Ý-subunit HCG and progesterone concentration in cases of first trimester threatened abortion /
Remainder of title Mohammed Mohammed Sayed Ahmed ; Supervised Hesham Sayed Badawi , Amr Abouelela , Badawe Mohammed Elkholy
246 15 - VARYING FORM OF TITLE
Title proper/short title دراسة خصائص سريان الدم فى الشريان الحلزونى للرحم و قياس مستوى المنشط المنسلى بيتا و كمية هرمون البروجيستيرون فى الدم فى حالات الاجهاض المنذر فى الثلث الاول من الحمل
260 ## - PUBLICATION, DISTRIBUTION, ETC.
Place of publication, distribution, etc. Cairo :
Name of publisher, distributor, etc. Mohammed Mohammed Sayed Ahmed ,
Date of publication, distribution, etc. 2013
300 ## - PHYSICAL DESCRIPTION
Extent 190 Leaves :
Other physical details charts , facsimiles ;
Dimensions 25cm
502 ## - DISSERTATION NOTE
Dissertation note Thesis (Ph.D.) - Cairo University - Faculty of Medicine - Department of Gynecology and Obstetrics
520 ## - SUMMARY, ETC.
Summary, etc. This study finds that the use of transvaginal doppler for assessment of uteroplacental circulation in cases of threatened abortion is not useful as a predicator of pregnancy outcome. Also the use of measurement of Ý-HCG is not useful as predictor of pregnancy outcome as there is great variation of Ý-HCG level in normal pregnancies
530 ## - ADDITIONAL PHYSICAL FORM AVAILABLE NOTE
Additional physical form available note Issued also as CD
653 #4 - INDEX TERM--UNCONTROLLED
Uncontrolled term 5/6 ratio
653 #4 - INDEX TERM--UNCONTROLLED
Uncontrolled term ACL
653 #4 - INDEX TERM--UNCONTROLLED
Uncontrolled term Ý-HCG
700 0# - ADDED ENTRY--PERSONAL NAME
Personal name Amr Abouelela ,
Relator term
700 0# - ADDED ENTRY--PERSONAL NAME
Personal name Badawe Mohammed Elkholy ,
Relator term
700 0# - ADDED ENTRY--PERSONAL NAME
Personal name Hesham Sayed Badawi ,
Relator term
856 ## - ELECTRONIC LOCATION AND ACCESS
Uniform Resource Identifier <a href="http://172.23.153.220/th.pdf">http://172.23.153.220/th.pdf</a>
905 ## - LOCAL DATA ELEMENT E, LDE (RLIN)
Cataloger Nazla
Reviser Revisor
905 ## - LOCAL DATA ELEMENT E, LDE (RLIN)
Cataloger Samia
Reviser Cataloger
942 ## - ADDED ENTRY ELEMENTS (KOHA)
Source of classification or shelving scheme Dewey Decimal Classification
Koha item type Thesis
المقتنيات
Source of classification or shelving scheme Not for loan Home library Current library Date acquired Full call number Barcode Date last seen Koha item type Copy number
Dewey Decimal Classification   المكتبة المركزبة الجديدة - جامعة القاهرة قاعة الرسائل الجامعية - الدور الاول 11.02.2024 Cai01.11.15.Ph.D.2013.Mo.S 01010110061132000 22.09.2023 Thesis  
Dewey Decimal Classification   المكتبة المركزبة الجديدة - جامعة القاهرة مخـــزن الرســائل الجـــامعية - البدروم 11.02.2024 Cai01.11.15.Ph.D.2013.Mo.S 01020110061132000 22.09.2023 CD - Rom 61132.CD
Cairo University Libraries Portal Implemented & Customized by: Eng. M. Mohamady Contacts: new-lib@cl.cu.edu.eg | cnul@cl.cu.edu.eg
CUCL logo CNUL logo
© All rights reserved — Cairo University Libraries
CUCL logo
Implemented & Customized by: Eng. M. Mohamady Contact: new-lib@cl.cu.edu.eg © All rights reserved — New Central Library
CNUL logo
Implemented & Customized by: Eng. M. Mohamady Contact: cnul@cl.cu.edu.eg © All rights reserved — Cairo National University Library